000 00862nam a2200253 i 4500
001 bg
100 1 _aGÓRAWSKI, Jan
245 1 0 _aRzeczowe inwestycje oświatowe w infrastrukturze społecznej /
_cJan Górawski ; Wyższa Szkoła Zarządzania w Słupsku.
250 _aWyd. 2 rozsz.
260 _aSłupsk :
_bWydaw. Uczelniane WSZ,
_c2002.
300 _a202 s. :
_berr. ;
_c23 cm.
650 9 _aOświata
_xinfrastruktura
_zPolska
_yod 1944 r.
650 9 _aOświata
_xinwestycje
_zPolska
_yod 1944 r.
650 9 _aSzkolnictwo
_xbudownictwo
_zPolska
_yod 1944 r.
710 0 _aWyższa Szkoła Zarządzania (Słupsk)
015 _aPB 17160/2002
020 _a8388473107
040 _cBPK
041 0 _apol
080 _a727.1/.4:304:330.322.5](438)"1944/..."(083.41)
920 _a83-88473-10-7
942 _cKS
008 s pl f |000 0 pol
999 _c51274
_d51274
856 _uhttp://koha.tu.koszalin.pl/cgi-bin/koha/opac-detail.pl?biblionumber=51274
_yKatalog online BPK